000 00391cam a22001337a 4500
008 180718b1979 xxu||||| |||| 00| 0 eng d
082 _aC41 Am65
100 _aAmnesty International, London
245 _aAmnesty international report, 1978
_cAmnesty International, London
260 _aLondon
_bThe Institution
_c1979
300 _a320p.
650 _aHuman Rights
650 _aCivil Liberties
999 _c476094
_d476094